[Event "Quebec op"]
[Site "Ste-Foy CAN"]
[Date "2017.08.17"]
[Round "7"]
[White "Tanaka, Tyler"]
[Black "Couture, Jonathan"]
[Result "1/2-1/2"]
[WhiteElo "2004"]
[BlackElo "1945"]
[WhiteFideId "-1"]
[WhiteFideId "-1"]
[PlyCount "42"]
[GameId "2160767908347283"]
[EventDate "2017.08.12"]
[EventType "swiss"]
[EventRounds "9"]
[EventCountry "CAN"]
[SourceTitle "CBM 180 Extra"]
[Source "ChessBase"]
[SourceDate "2017.10.06"]
[SourceVersion "1"]
[SourceVersionDate "2017.10.06"]
[SourceQuality "1"]

1. e4 g6 2. d4 Bg7 3. c4 d6 4. Nc3 e5 5. Nf3 exd4 6. Nxd4 Nc6 7. Be3 Nf6 8. Be2 O-O 9. O-O Re8 10. f3 Bd7 11. Qd2 Nh5 12. Nd5 Be6 13. Nb5 Rc8 14. Bg5 Nf6 15. Rad1 Bxd5 16. cxd5 Ne5 17. Nxa7 Ra8 18. Nb5 Rxa2 19. Qc3 Nxe4 20. Bxd8 Nxc3 21. Nxc3 Rxb2 1/2-1/2

[Event "Quebec op"]
[Site "Ste-Foy CAN"]
[Date "2017.08.17"]
[Round "7.5"]
[White "Gras, Guillaume"]
[Black "Beaulieu, Eric"]
[Result "0-1"]
[WhiteElo "2061"]
[BlackElo "2154"]
[WhiteFideId "-1"]
[WhiteFideId "-1"]
[PlyCount "36"]
[GameId "2160767908347284"]
[EventDate "2017.08.12"]
[EventType "swiss"]
[EventRounds "9"]
[EventCountry "CAN"]

1. d4 Nf6 2. Nf3 e6 3. Nc3 d5 4. Bg5 Bb4 5. Qd3 c5 6. a3 c4 7. Bxf6 gxf6 8. Qe3 Bf8 9. Qf4 f5 10. g4 Bd6 11. Qh6 fxg4 12. Qg7 Rf8 13. Qxg4 Nc6 14. e4 Qa5 15. O-O-O Bxa3 16. bxa3 Qxc3 17. exd5 exd5 18. Qh5 Be6 0-1

[Event "Quebec op"]
[Site "Ste-Foy CAN"]
[Date "2017.08.17"]
[Round "7.6"]
[White "Van Hoolandt, Patrick"]
[Black "Pare, Marc"]
[Result "0-1"]
[WhiteElo "2110"]
[BlackElo "1984"]
[WhiteFideId "-1"]
[WhiteFideId "-1"]
[PlyCount "68"]
[GameId "2160767908347285"]
[EventDate "2017.08.12"]
[EventType "swiss"]
[EventRounds "9"]
[EventCountry "CAN"]

1. d4 Nf6 2. c4 e6 3. Nf3 b6 4. Bg5 Bb7 5. e3 Be7 6. Bd3 Ne4 7. Bxe7 Qxe7 8. O-O f5 9. Ne1 O-O 10. f3 Nf6 11. Nc3 d5 12. Nc2 Nbd7 13. Qe2 c5 14. Rad1 Rae8 15. cxd5 Nxd5 16. Bc4 N7f6 17. Rfe1 Kh8 18. Rc1 Nxc3 19. bxc3 e5 20. Qf2 e4 21. f4 Rd8 22. Red1 Bd5 23. Bb3 c4 24. Ba4 a6 25. Ne1 b5 26. Bc2 a5 27. Qd2 b4 28. Rb1 Rb8 29. Ba4 Rfc8 30. Rb2 Bc6 31. Bxc6 Rxc6 32. d5 Rd6 33. Qe2 Nxd5 34. cxb4 Nc3 0-1

[Event "Quebec op"]
[Site "Ste-Foy CAN"]
[Date "2017.08.17"]
[Round "7.7"]
[White "Perron, Jonathan"]
[Black "Ouellet, Maili-Jade"]
[Result "0-1"]
[WhiteElo "2080"]
[BlackElo "1982"]
[WhiteFideId "-1"]
[WhiteFideId "-1"]
[PlyCount "128"]
[GameId "2160767908347286"]
[EventDate "2017.08.12"]
[EventType "swiss"]
[EventRounds "9"]
[EventCountry "CAN"]

1. e4 c5 2. Nf3 d6 3. d4 cxd4 4. Nxd4 Nf6 5. Nc3 a6 6. Be3 b5 7. f3 Bb7 8. a4 b4 9. Na2 e5 10. Nb3 d5 11. exd5 Nxd5 12. Qd2 Nd7 13. Bd3 Nxe3 14. Qxe3 Be7 15. O-O O-O 16. Rfd1 Qc7 17. Be4 f5 18. Bxb7 Qxb7 19. Kh1 Rac8 20. Rd2 h6 21. Na5 Qc7 22. Qd3 Nc5 23. Qd5+ Kh8 24. Nc4 Rcd8 25. Nxe5 Rxd5 26. Ng6+ Kg8 27. Rxd5 Rf6 28. Nxe7+ Qxe7 29. Nxb4 Re6 30. Rdd1 Re2 31. Nd3 Qg5 32. Rg1 Rxc2 33. Nxc5 Rxc5 34. b4 Rd5 35. Rab1 f4 36. b5 Qh5 37. Rgc1 axb5 38. axb5 Rxb5 39. Rxb5 Qxb5 40. h3 Kf7 41. Re1 Kf6 42. Kh2 Kg5 43. Re4 Kf5 44. Re7 Qb2 45. Re8 g5 46. Rf8+ Ke6 47. Re8+ Kd5 48. Re4 Qa1 49. Re2 h5 50. Re8 Qb2 51. Re4 Qf2 52. Ra4 Qe1 53. Ra3 Kc4 54. Ra8 Qe7 55. Ra5 Kd3 56. Ra4 Ke3 57. Re4+ Qxe4 58. fxe4 Kxe4 59. Kg1 Ke3 60. Kf1 f3 61. g3 f2 62. g4 h4 63. Kg2 Ke2 64. Kh2 Kf3 0-1

[Event "Quebec op"]
[Site "Ste-Foy CAN"]
[Date "2017.08.17"]
[Round "7.8"]
[White "Sprumont, Oscar"]
[Black "Dube, Daniel"]
[Result "1-0"]
[WhiteElo "2061"]
[BlackElo "1623"]
[WhiteFideId "-1"]
[WhiteFideId "-1"]
[PlyCount "71"]
[GameId "2160767908347287"]
[EventDate "2017.08.12"]
[EventType "swiss"]
[EventRounds "9"]
[EventCountry "CAN"]

1. Nf3 Nf6 2. c4 c5 3. Nc3 d5 4. cxd5 Nxd5 5. g3 Nc6 6. Bg2 Nc7 7. O-O e5 8. a3 Rb8 9. Rb1 f6 10. Ne1 Bd7 11. Nc2 Be7 12. b4 cxb4 13. axb4 b5 14. d3 a5 15. bxa5 b4 16. Nd5 Nxd5 17. Bxd5 Qxa5 18. e4 h5 19. d4 Nxd4 20. Nxd4 exd4 21. Qxd4 Bc5 22. Qc4 Rc8 23. Qb3 h4 24. Bf4 Qb6 25. Rb2 g5 26. Be3 hxg3 27. hxg3 Bg4 28. Bf7+ Kf8 29. Bxc5+ Qxc5 30. Be6 Bxe6 31. Qxe6 Rc6 32. Qb3 Rb6 33. Rc2 Qe7 34. Rfc1 Qe6 35. Rc8+ Kg7 36. R1c7+ 1-0

[Event "Quebec op"]
[Site "Ste-Foy CAN"]
[Date "2017.08.17"]
[Round "7.9"]
[White "Drolet, Stephane"]
[Black "Yao, Sammy"]
[Result "1/2-1/2"]
[WhiteElo "2071"]
[BlackElo "1965"]
[WhiteFideId "-1"]
[WhiteFideId "-1"]
[PlyCount "106"]
[GameId "2160767908347288"]
[EventDate "2017.08.12"]
[EventType "swiss"]
[EventRounds "9"]
[EventCountry "CAN"]

1. d4 d6 2. Nf3 g6 3. e4 Bg7 4. c4 Nd7 5. Nc3 c6 6. Bg5 f6 7. Be3 Nh6 8. h3 O-O 9. Qd2 Nf7 10. g4 e5 11. d5 cxd5 12. cxd5 Nb6 13. Bd3 Bd7 14. a4 a6 15. a5 Nc8 16. Rg1 Ne7 17. Na4 f5 18. gxf5 gxf5 19. Ng5 Nxg5 20. Bxg5 Bxa4 21. Rxa4 Qd7 22. Rb4 f4 23. Qd1 Rac8 24. Be2 Rc5 25. Qb3 Rb8 26. Rb6 Rxa5 27. Rxa6 Rxa6 28. Bxa6 Qc7 29. Be2 Qa5+ 30. Kf1 Ng6 31. Qc3 Qxc3 32. bxc3 Rc8 33. c4 Kf7 34. h4 h6 35. h5 hxg5 36. hxg6+ Kxg6 37. f3 Bf6 38. Kg2 Rc7 39. Ra1 Kg7 40. Ra8 Kf7 41. Kf2 Ke7 42. Bf1 Bg7 43. Rb8 Bf8 44. Ke1 Kf7 45. Kd2 Kg8 46. Bh3 Rxc4 47. Be6+ Kg7 48. Rxb7+ Kg6 49. Bf5+ Kf6 50. Bg4 Kg6 51. Bf5+ Kf6 52. Bg4 Kg6 53. Bf5+ Kf6 1/2-1/2

[Event "Quebec op"]
[Site "Ste-Foy CAN"]
[Date "2017.08.17"]
[Round "7.12"]
[White "Cossette, Daniel"]
[Black "Bernatchez, Dan"]
[Result "0-1"]
[WhiteElo "2125"]
[BlackElo "1950"]
[WhiteFideId "-1"]
[WhiteFideId "-1"]
[PlyCount "124"]
[GameId "2160767908347290"]
[EventDate "2017.08.12"]
[EventType "swiss"]
[EventRounds "9"]
[EventCountry "CAN"]

1. e4 g6 2. d4 Bg7 3. Nc3 d6 4. Nf3 a6 5. a4 b6 6. Be3 Bb7 7. h3 Nd7 8. Be2 e6 9. O-O Ne7 10. Qd2 O-O 11. Bh6 f5 12. Bxg7 Kxg7 13. Bc4 h6 14. Bxe6 Bxe4 15. Nxe4 fxe4 16. Nh2 Nf6 17. d5 c5 18. Ng4 Nxg4 19. hxg4 Ng8 20. Ra3 Qg5 21. Qxg5 hxg5 22. Rb3 Rab8 23. c4 Nf6 24. f3 exf3 25. gxf3 Rfe8 26. Kg2 Re7 27. f4 gxf4 28. Rxf4 Nh7 29. a5 b5 30. cxb5 axb5 31. Re3 Ng5 32. b4 Nxe6 33. Rxe6 Rxe6 34. dxe6 cxb4 35. a6 b3 36. a7 Ra8 37. Rf7+ Kg8 38. Rb7 Rxa7 39. Rxb5 Re7 40. Rxb3 Rxe6 41. Kf3 Kf7 42. Kf4 Re5 43. Rb7+ Kf6 44. Rd7 g5+ 45. Kf3 Ke6 46. Ra7 Kd5 47. Rd7 Kc5 48. Rc7+ Kd4 49. Ra7 d5 50. Ra4+ Kc3 51. Ra5 Kb4 52. Ra8 d4 53. Rb8+ Kc3 54. Rc8+ Kd2 55. Rd8 d3 56. Rd7 Kc2 57. Rd8 d2 58. Rc8+ Kd1 59. Kf2 Re4 60. Kf3 Rf4+ 61. Kg3 Ke2 62. Re8+ Kd3 0-1

[Event "Quebec op"]
[Site "Ste-Foy CAN"]
[Date "2017.08.17"]
[Round "7.13"]
[White "Arteau, Benoit"]
[Black "Currie, James"]
[Result "1-0"]
[WhiteElo "1948"]
[BlackElo "2041"]
[WhiteFideId "-1"]
[WhiteFideId "-1"]
[PlyCount "135"]
[GameId "2160767908347291"]
[EventDate "2017.08.12"]
[EventType "swiss"]
[EventRounds "9"]
[EventCountry "CAN"]

1. Nf3 d6 2. g3 e5 3. d3 f5 4. Bg2 Be7 5. Nc3 Nf6 6. e4 f4 7. gxf4 O-O 8. f5 g6 9. Bh6 Rf7 10. Ng5 Rg7 11. Bxg7 Kxg7 12. Ne6+ Bxe6 13. fxe6 Nh5 14. Qg4 Nc6 15. Nd5 Nd4 16. O-O-O c6 17. Ne3 Kh8 18. c3 Nf6 19. Qh3 Ne2+ 20. Kb1 Nf4 21. Qf3 a5 22. d4 Qf8 23. dxe5 dxe5 24. Nc4 Qc8 25. Nb6 Qb8 26. Nxa8 Qxa8 27. Bh3 Qf8 28. Bf1 Qh6 29. h3 b5 30. Rg1 Nxe6 31. Qe3 Qxe3 32. fxe3 Bc5 33. Rg3 Nxe4 34. Rf3 N6g5 35. Rd8+ Kg7 36. Bg2 Nxf3 37. Bxf3 Ng5 38. Bxc6 Bxe3 39. h4 Nf7 40. Rd7 Kf6 41. Bxb5 g5 42. Ba4 Nh6 43. hxg5+ Bxg5 44. Rxh7 e4 45. Ra7 Nf5 46. Ra6+ Ke5 47. Rxa5+ Kf4 48. Rxf5+ Kxf5 49. Bd1 Ke5 50. a4 Kd6 51. b4 Kc6 52. Be2 Be7 53. Kb2 Kd5 54. Kb3 Ke6 55. Bc4+ Ke5 56. a5 Bd8 57. Ka4 Kd6 58. Bf1 Kc7 59. b5 Bf6 60. b6+ Kc6 61. Kb4 Be7+ 62. Kc4 Bf6 63. Bg2 Kb7 64. Bxe4+ Ka6 65. Kb4 Be5 66. Bd3+ Kb7 67. c4 Bg3 68. Kb5 1-0

[Event "Quebec op"]
[Site "Ste-Foy CAN"]
[Date "2017.08.17"]
[Round "7.14"]
[White "Soudre, Nicolas"]
[Black "Steinberg, Ellis"]
[Result "1-0"]
[WhiteElo "2094"]
[BlackElo "1651"]
[WhiteFideId "-1"]
[WhiteFideId "-1"]
[PlyCount "81"]
[GameId "2160767908347292"]
[EventDate "2017.08.12"]
[EventType "swiss"]
[EventRounds "9"]
[EventCountry "CAN"]

1. Nc3 Nf6 2. e4 d6 3. d4 c6 4. Be2 g6 5. h4 h5 6. Bg5 Bg7 7. Qd2 b5 8. a3 a6 9. O-O-O Nbd7 10. e5 dxe5 11. dxe5 Ng4 12. e6 fxe6 13. Bxg4 hxg4 14. Qf4 Bxc3 15. bxc3 Qa5 16. Qb4 Qxb4 17. cxb4 Rf8 18. f4 e5 19. Ne2 Rf7 20. Rhe1 exf4 21. Nxf4 Nf8 22. Rd6 Bf5 23. Rxc6 Kd7 24. Rc5 Rc8 25. Rxc8 Kxc8 26. Rxe7 Rxe7 27. Bxe7 Ne6 28. Nd5 Be4 29. Ne3 Nd4 30. Bf6 Ne2+ 31. Kd2 Ng3 32. Nxg4 Bxg2 33. Ke3 Bc6 34. Kf4 Nh5+ 35. Kg5 Nxf6 36. Nxf6 a5 37. Kxg6 axb4 38. axb4 Bf3 39. h5 Kc7 40. h6 Bd1 41. Ne4 1-0

[Event "Quebec op"]
[Site "Ste-Foy CAN"]
[Date "2017.08.17"]
[Round "7.15"]
[White "Bleau, John"]
[Black "Halhal, Sami"]
[Result "1/2-1/2"]
[WhiteElo "1859"]
[BlackElo "1907"]
[WhiteFideId "-1"]
[WhiteFideId "-1"]
[PlyCount "47"]
[GameId "2160767908347293"]
[EventDate "2017.08.12"]
[EventType "swiss"]
[EventRounds "9"]
[EventCountry "CAN"]

1. d4 Nf6 2. c4 d6 3. Nc3 g6 4. g3 Bg7 5. Bg2 O-O 6. Nf3 Nc6 7. O-O e5 8. dxe5 Nxe5 9. Nxe5 dxe5 10. Bg5 Qxd1 11. Raxd1 c6 12. Rd2 Be6 13. b3 h6 14. Bxf6 Bxf6 15. Ne4 Be7 16. Rfd1 a5 17. Nd6 Bxd6 18. Rxd6 a4 19. Be4 axb3 20. axb3 Kg7 21. Kg2 Ra2 22. R1d2 Re8 23. Rd8 Rxd2 24. Rxd2 1/2-1/2

[Event "Quebec op"]
[Site "Ste-Foy CAN"]
[Date "2017.08.17"]
[Round "7.16"]
[White "Bahadi, Khalid"]
[Black "Mercure, Gilbert"]
[Result "1-0"]
[WhiteElo "1825"]
[BlackElo "1890"]
[WhiteFideId "-1"]
[WhiteFideId "-1"]
[PlyCount "59"]
[GameId "2160767908347294"]
[EventDate "2017.08.12"]
[EventType "swiss"]
[EventRounds "9"]
[EventCountry "CAN"]

1. e4 d5 2. exd5 Nf6 3. d4 Nxd5 4. c4 Nb4 5. d5 Bf5 6. Qa4+ N8c6 7. Na3 e6 8. dxc6 b5 9. cxb5 Qd4 10. Qb3 Rd8 11. Nf3 Qe4+ 12. Be3 Nd3+ 13. Bxd3 Rxd3 14. Qc4 Rxe3+ 15. fxe3 Qxe3+ 16. Kd1 Bxa3 17. bxa3 O-O 18. Qd4 Qxa3 19. Ke2 e5 20. Nxe5 Re8 21. Kf2 f6 22. Nc4 Qf8 23. Rad1 h6 24. Rhe1 Be6 25. Re3 Kf7 26. Rde1 Rd8 27. Qe4 Re8 28. Qf4 Qc5 29. Qxc7+ Re7 30. Nd6+ 1-0

[Event "Quebec op"]
[Site "Ste-Foy CAN"]
[Date "2017.08.17"]
[Round "7.17"]
[White "Bluteau, Yvon"]
[Black "Lessard, Claude"]
[Result "0-1"]
[WhiteElo "1852"]
[BlackElo "1872"]
[WhiteFideId "-1"]
[WhiteFideId "-1"]
[PlyCount "66"]
[GameId "2160767908347295"]
[EventDate "2017.08.12"]
[EventType "swiss"]
[EventRounds "9"]
[EventCountry "CAN"]

1. Nf3 d5 2. g3 Nf6 3. Bg2 g6 4. O-O c5 5. d3 Nc6 6. Nbd2 e5 7. Re1 Bg7 8. e4 O-O 9. h3 d4 10. Nf1 h6 11. N1h2 Be6 12. b3 Qd7 13. h4 b5 14. a4 a6 15. Nd2 Rfc8 16. Qe2 Nb4 17. Qd1 c4 18. Ba3 Bf8 19. bxc4 bxc4 20. dxc4 Bxc4 21. Nxc4 Rxc4 22. Nf3 Qc7 23. Bxb4 Bxb4 24. Re2 Rc3 25. Ne1 a5 26. Nd3 Bd6 27. Rb1 Qc6 28. Ra1 Rc8 29. Bh3 Rc7 30. Qb1 Rxc2 31. Rxc2 Qxc2 32. Qb8+ Kg7 33. Rc1 Qxc1+ 0-1

[Event "Quebec op"]
[Site "Ste-Foy CAN"]
[Date "2017.08.17"]
[Round "7.18"]
[White "Chabot, Michelin"]
[Black "Chevalier, Francois"]
[Result "1-0"]
[WhiteElo "1585"]
[BlackElo "1779"]
[WhiteFideId "-1"]
[WhiteFideId "-1"]
[PlyCount "83"]
[GameId "2160767908347296"]
[EventDate "2017.08.12"]
[EventType "swiss"]
[EventRounds "9"]
[EventCountry "CAN"]

1. e4 c6 2. d4 d5 3. exd5 cxd5 4. Nc3 Nf6 5. Nf3 Nc6 6. h3 e6 7. a3 Be7 8. Bd3 Bd7 9. O-O O-O 10. Re1 a6 11. b4 b5 12. Bf4 Qb6 13. Bf1 Rac8 14. Ne2 Rfd8 15. c3 Be8 16. Ng3 Qb7 17. Nd2 Nd7 18. Nb3 Nb6 19. Nc5 Bxc5 20. bxc5 Nc4 21. Bxc4 bxc4 22. Rb1 Qa7 23. Bg5 Rd7 24. Qc2 f6 25. Bxf6 Bg6 26. Qe2 gxf6 27. Qxe6+ Kg7 28. Nf5+ Bxf5 29. Qxf5 Rf8 30. Rb6 Re7 31. Re6 Rxe6 32. Qxe6 Ne7 33. Rd6 Qb8 34. Qxe7+ Rf7 35. Qe1 Qb7 36. Rb6 Qc7 37. Rxa6 Re7 38. Re6 Rd7 39. Qe2 Qa7 40. Qf3 Rf7 41. Qg3+ Kf8 42. Rb6 1-0

[Event "Quebec op"]
[Site "Ste-Foy CAN"]
[Date "2017.08.18"]
[Round "8"]
[White "Yao, Sammy"]
[Black "Tanaka, Tyler"]
[Result "1/2-1/2"]
[WhiteElo "1965"]
[BlackElo "2004"]
[WhiteFideId "-1"]
[WhiteFideId "-1"]
[PlyCount "70"]
[GameId "2160767908347299"]
[EventDate "2017.08.12"]
[EventType "swiss"]
[EventRounds "9"]
[EventCountry "CAN"]
[SourceTitle "CBM 180 Extra"]
[Source "ChessBase"]
[SourceDate "2017.10.06"]
[SourceVersion "1"]
[SourceVersionDate "2017.10.06"]
[SourceQuality "1"]

1. c4 Nf6 2. g3 g6 3. Bg2 Bg7 4. Nc3 O-O 5. d3 c5 6. e4 d6 7. Nge2 Nc6 8. O-O a6 9. h3 Rb8 10. f4 Bd7 11. g4 b5 12. cxb5 axb5 13. Ng3 Ne8 14. Nd5 e6 15. Ne3 Nd4 16. g5 Bc6 17. h4 f5 18. h5 Nc7 19. Ne2 Qd7 20. Nxd4 Bxd4 21. Kh2 Rbe8 22. Nc2 Bg7 23. Rb1 e5 24. hxg6 hxg6 25. Bh3 Ne6 26. exf5 gxf5 27. Qh5 Nxf4 28. Bxf4 exf4 29. g6 Be5 30. Rbe1 Qg7 31. Bxf5 f3+ 32. Kg1 Bd4+ 33. Kh2 Be5+ 34. Kg1 Bd4+ 35. Kh2 Be5+ 1/2-1/2

[Event "Quebec op"]
[Site "Ste-Foy CAN"]
[Date "2017.08.18"]
[Round "8.5"]
[White "Berube, Antoine"]
[Black "Sprumont, Oscar"]
[Result "1/2-1/2"]
[WhiteElo "2121"]
[BlackElo "2061"]
[WhiteFideId "-1"]
[WhiteFideId "-1"]
[PlyCount "101"]
[GameId "2160767908347301"]
[EventDate "2017.08.12"]
[EventType "swiss"]
[EventRounds "9"]
[EventCountry "CAN"]

1. d4 Nf6 2. c4 e6 3. Nf3 Bb4+ 4. Nbd2 d5 5. Qa4+ Nc6 6. e3 Bd7 7. Qc2 O-O 8. a3 Bxd2+ 9. Bxd2 Ne4 10. Bd3 f5 11. b4 Be8 12. b5 Ne7 13. O-O c6 14. bxc6 Bxc6 15. Ne5 dxc4 16. Bxc4 Bd5 17. f3 Nxd2 18. Qxd2 Bxc4 19. Nxc4 Rc8 20. Rfc1 Qd5 21. Ne5 Rfd8 22. Qb4 Ng6 23. Nxg6 hxg6 24. Rab1 b6 25. Qe7 f4 26. Rxc8 Rxc8 27. exf4 Rc2 28. Rd1 Qa2 29. Qg5 Rd2 30. Re1 Kf7 31. h4 Re2 32. Rf1 Qb2 33. h5 Qxd4+ 34. Kh2 Qf6 35. hxg6+ Qxg6 36. Rc1 Qxg5 37. fxg5 a5 38. Rb1 Ra2 39. Rxb6 Rxa3 40. Kg3 Ra4 41. f4 Ra3+ 42. Kg4 g6 43. Rb7+ Kf8 44. Ra7 Kg8 45. Kh4 Kf8 46. g3 Ra1 47. Kg4 Ra3 48. Kh3 Ra1 49. Kg2 a4 50. Ra6 Kf7 51. Ra7+ 1/2-1/2

[Event "Quebec op"]
[Site "Ste-Foy CAN"]
[Date "2017.08.18"]
[Round "8.8"]
[White "Van Hoolandt, Patrick"]
[Black "Arteau, Benoit"]
[Result "1-0"]
[WhiteElo "2110"]
[BlackElo "1948"]
[WhiteFideId "-1"]
[WhiteFideId "-1"]
[PlyCount "49"]
[GameId "2160767908347304"]
[EventDate "2017.08.12"]
[EventType "swiss"]
[EventRounds "9"]
[EventCountry "CAN"]

1. d4 d5 2. c4 c6 3. Nf3 Nf6 4. cxd5 cxd5 5. Nc3 Nc6 6. Bf4 e6 7. e3 Bd6 8. Bg3 a6 9. Rc1 O-O 10. Bd3 Qe7 11. Ne5 Bd7 12. f4 Rfc8 13. Bh4 Rc7 14. Qf3 Nb4 15. Bb1 Qf8 16. a3 Nc6 17. Qh3 h6 18. Bxf6 gxf6 19. Nxd7 Rxd7 20. Nxd5 Qg7 21. Nb6 Rad8 22. Nxd7 Rxd7 23. d5 Nd8 24. O-O f5 25. Rc3 1-0

[Event "Quebec op"]
[Site "Ste-Foy CAN"]
[Date "2017.08.18"]
[Round "8.9"]
[White "Couture, Jonathan"]
[Black "Perron, Jonathan"]
[Result "1/2-1/2"]
[WhiteElo "1945"]
[BlackElo "2080"]
[WhiteFideId "-1"]
[WhiteFideId "-1"]
[PlyCount "76"]
[GameId "2160767908347305"]
[EventDate "2017.08.12"]
[EventType "swiss"]
[EventRounds "9"]
[EventCountry "CAN"]

1. e4 c5 2. b4 cxb4 3. a3 e5 4. Nf3 Nc6 5. axb4 Bxb4 6. c3 Be7 7. Bb5 Nf6 8. Qa4 Qc7 9. O-O O-O 10. d4 Nxe4 11. dxe5 Nc5 12. Qf4 Nb3 13. Ra2 Nxc1 14. Rxc1 f6 15. Re1 Nxe5 16. Nxe5 fxe5 17. Qxe5 Qxe5 18. Rxe5 Bf6 19. Rd5 d6 20. Rxd6 Bf5 21. Nd2 Bxc3 22. Bc4+ Kh8 23. Nf3 h6 24. Nd4 Bxd4 25. Rxd4 Rfd8 26. Rxa7 Rxd4 27. Rxa8+ Kh7 28. Bg8+ Kg6 29. f3 Rd2 30. Ra2 Rd1+ 31. Kf2 Bd3 32. Bd5 b6 33. Ke3 Bf5 34. Bc4 Rd6 35. Rb2 Kf6 36. f4 g5 37. g3 gxf4+ 38. gxf4 Rc6 1/2-1/2

[Event "Quebec op"]
[Site "Ste-Foy CAN"]
[Date "2017.08.18"]
[Round "8.12"]
[White "Bahadi, Khalid"]
[Black "Soudre, Nicolas"]
[Result "1-0"]
[WhiteElo "1825"]
[BlackElo "2094"]
[WhiteFideId "-1"]
[WhiteFideId "-1"]
[PlyCount "83"]
[GameId "2160767908347306"]
[EventDate "2017.08.12"]
[EventType "swiss"]
[EventRounds "9"]
[EventCountry "CAN"]

1. e4 e6 2. d4 d5 3. Nc3 Nf6 4. Bg5 Be7 5. Bxf6 Bxf6 6. e5 Be7 7. f4 c5 8. Nf3 Nc6 9. Bb5 Qb6 10. Qd2 Bd7 11. Bxc6 bxc6 12. Rb1 cxd4 13. Nxd4 c5 14. Nf3 g6 15. O-O Bc6 16. Kh1 Rb8 17. Ne2 h5 18. Ng5 h4 19. h3 Rh5 20. Ng1 Bxg5 21. fxg5 d4 22. Qf4 Rb7 23. Rf2 Qd8 24. Nf3 Qd5 25. Rbf1 Qe4 26. Qd2 Qe3 27. Qa5 Bb5 28. c4 dxc3 29. Rd1 Bd7 30. Qa6 Qe4 31. bxc3 Qc6 32. Qd3 Kf8 33. Nd4 cxd4 34. Qxg6 Be8 35. Qxh5 Qxc3 36. g6 Qe3 37. Qh8+ Ke7 38. Qxh4+ Kf8 39. Qh8+ Ke7 40. Qf6+ Kf8 41. Rdf1 Kg8 42. Qd8 1-0

[Event "Quebec op"]
[Site "Ste-Foy CAN"]
[Date "2017.08.18"]
[Round "8.13"]
[White "Halhal, Sami"]
[Black "Auger, Bertrand"]
[Result "1/2-1/2"]
[WhiteElo "1907"]
[BlackElo "1969"]
[WhiteFideId "-1"]
[WhiteFideId "-1"]
[PlyCount "83"]
[GameId "2160767908347307"]
[EventDate "2017.08.12"]
[EventType "swiss"]
[EventRounds "9"]
[EventCountry "CAN"]

1. e4 e6 2. d4 d5 3. Nc3 c5 4. Be3 cxd4 5. Bxd4 Nc6 6. exd5 exd5 7. Nf3 Bg4 8. Be2 Nge7 9. O-O Qd7 10. Ne5 Bxe2 11. Nxe2 Nxe5 12. Bxe5 Nc6 13. Bc3 O-O-O 14. Nd4 f6 15. Re1 Bd6 16. Qd2 Ne5 17. f3 h5 18. a4 h4 19. h3 Nc4 20. Qd3 Bg3 21. Re2 Rhe8 22. Rxe8 Rxe8 23. Qf5 Ne3 24. Qxd7+ Kxd7 25. Be1 Be5 26. Bc3 Bxd4 27. Bxd4 Nxc2 28. Rd1 Nxd4 29. Rxd4 Kd6 30. Rxh4 Re2 31. b4 Rb2 32. Kf1 Ke5 33. b5 d4 34. Re4+ Kd5 35. Re7 d3 36. Rxg7 Ra2 37. Ke1 Kd4 38. h4 Ra1+ 39. Kd2 Ra2+ 40. Kd1 Ra1+ 41. Kd2 Ra2+ 42. Kd1 1/2-1/2

[Event "Quebec op"]
[Site "Ste-Foy CAN"]
[Date "2017.08.18"]
[Round "8.14"]
[White "Lessard, Claude"]
[Black "Bleau, John"]
[Result "1-0"]
[WhiteElo "1872"]
[BlackElo "1859"]
[WhiteFideId "-1"]
[WhiteFideId "-1"]
[PlyCount "83"]
[GameId "2160767908347308"]
[EventDate "2017.08.12"]
[EventType "swiss"]
[EventRounds "9"]
[EventCountry "CAN"]

1. d4 d5 2. c4 e6 3. Nc3 Be7 4. Nf3 Nf6 5. g3 O-O 6. Bg2 Nbd7 7. cxd5 exd5 8. O-O c6 9. Qc2 Re8 10. b3 Nf8 11. Ne5 Bg4 12. Nxg4 Nxg4 13. h3 Nf6 14. Bb2 Ne6 15. Rad1 Qb6 16. e3 Bf8 17. a3 Ng5 18. b4 Nge4 19. Na4 Qd8 20. Nc5 Nxc5 21. dxc5 Ne4 22. Rd4 f5 23. h4 Qc7 24. Qe2 Qf7 25. Rc1 a6 26. Rdd1 g6 27. a4 Bg7 28. b5 axb5 29. Bxg7 Qxg7 30. Bxe4 Rxe4 31. axb5 Rb4 32. bxc6 bxc6 33. Rb1 Qc3 34. Rxb4 Qxb4 35. Qc2 Ra5 36. Rb1 Rxc5 37. Qa2 Qa5 38. Rb8+ Kg7 39. Qb2+ Qc3 40. Qb7+ Kh6 41. Qe7 Rb5 42. Rg8 1-0

[Event "Quebec op"]
[Site "Ste-Foy CAN"]
[Date "2017.08.18"]
[Round "8.15"]
[White "Currie, James"]
[Black "Chabot, Michelin"]
[Result "1-0"]
[WhiteElo "2041"]
[BlackElo "1585"]
[WhiteFideId "-1"]
[WhiteFideId "-1"]
[PlyCount "79"]
[GameId "2160767908347309"]
[EventDate "2017.08.12"]
[EventType "swiss"]
[EventRounds "9"]
[EventCountry "CAN"]

1. e4 c5 2. Nf3 Nc6 3. d3 d6 4. g3 b6 5. d4 cxd4 6. Nxd4 Nxd4 7. Qxd4 Qc7 8. Nc3 Qc5 9. Qd3 e6 10. Be3 Qc6 11. Bg2 Bb7 12. O-O-O Rd8 13. Rhe1 Be7 14. g4 h6 15. f4 Nf6 16. h3 O-O 17. Bh1 Ne8 18. Qe2 Nc7 19. g5 hxg5 20. fxg5 Rfe8 21. g6 e5 22. Rg1 fxg6 23. Rxg6 Bf8 24. Nd5 Re6 25. Rdg1 Rxg6 26. Rxg6 Nxd5 27. exd5 Qc7 28. Be4 Qf7 29. Qh5 Bxd5 30. Bf5 Be7 31. b3 Bf6 32. c4 Bxc4 33. bxc4 Qxc4+ 34. Kd1 Qf7 35. Qg4 Re8 36. Rh6 Re7 37. Be4 Rc7 38. Qg2 Kf8 39. Rh8+ Ke7 40. Bd5 1-0

[Event "Quebec op"]
[Site "Ste-Foy CAN"]
[Date "2017.08.18"]
[Round "8.16"]
[White "Steinberg, Ellis"]
[Black "Mercure, Gilbert"]
[Result "0-1"]
[WhiteElo "1651"]
[BlackElo "1890"]
[WhiteFideId "-1"]
[WhiteFideId "-1"]
[PlyCount "68"]
[GameId "2160767908347310"]
[EventDate "2017.08.12"]
[EventType "swiss"]
[EventRounds "9"]
[EventCountry "CAN"]

1. e4 d5 2. exd5 Nf6 3. Nf3 Nxd5 4. d4 Bf5 5. a3 e6 6. c4 Nb6 7. Nc3 c5 8. Be3 N8d7 9. Be2 Rc8 10. b3 Be7 11. O-O O-O 12. Qd2 cxd4 13. Nxd4 Bg6 14. Ndb5 a6 15. Nd6 Rc7 16. Rfd1 Nc5 17. Bxc5 Rxc5 18. Nxb7 Qxd2 19. Rxd2 Rc7 20. Nd6 Bf6 21. Rc1 Bg5 22. Rcd1 Bxd2 23. Rxd2 Rd8 24. b4 Nc8 25. Nce4 Rcd7 26. Nxc8 Rxd2 27. Ne7+ Kf8 28. Nxg6+ hxg6 29. Nxd2 Rxd2 30. Kf1 Ra2 31. Bd1 Rxa3 32. Ke2 Ra2+ 33. Ke3 Ke7 34. Kd4 Rd2+ 0-1

[Event "Quebec op"]
[Site "Ste-Foy CAN"]
[Date "2017.08.18"]
[Round "8.17"]
[White "Chevalier, Francois"]
[Black "Bluteau, Yvon"]
[Result "1-0"]
[WhiteElo "1779"]
[BlackElo "1852"]
[WhiteFideId "-1"]
[WhiteFideId "-1"]
[PlyCount "79"]
[GameId "2160767908347311"]
[EventDate "2017.08.12"]
[EventType "swiss"]
[EventRounds "9"]
[EventCountry "CAN"]

1. d4 d5 2. Bf4 Nf6 3. e3 e6 4. Nd2 Bd6 5. Bg3 O-O 6. c3 Re8 7. Ngf3 Nc6 8. Ne5 Nd7 9. f4 f6 10. Nxd7 Bxd7 11. Bd3 e5 12. fxe5 fxe5 13. O-O Qg5 14. Re1 e4 15. Bxd6 cxd6 16. Bf1 Re6 17. c4 Ne7 18. Qb3 Rf8 19. cxd5 Rg6 20. g3 Bf5 21. Bg2 h5 22. Nxe4 Qh6 23. Re2 h4 24. Rf1 Bg4 25. Rxf8+ Kxf8 26. Rf2+ Kg8 27. Rf4 Nf5 28. Qc3 hxg3 29. hxg3 Kh7 30. Nf2 Nxg3 31. Qc2 Bf5 32. Rxf5 Qxe3 33. Rf3 Qg5 34. Nh3 Qe7 35. Nf4 Qe1+ 36. Kh2 Ne4 37. Rh3+ Kg8 38. Nxg6 Nf6 39. Rg3 Kf7 40. Qc7+ 1-0